| 000 | 00881nam a2200277Ia 4500 | ||
|---|---|---|---|
| 001 | Z_501 | ||
| 003 | CHAP | ||
| 008 | 220113s1969 xx 000 0 und d | ||
| 010 | _a163478 | ||
| 040 | _cCHAP | ||
| 090 | _aTesis L 75 | ||
| 100 |
_aLópez Trujillo, Ramiro _968384 |
||
| 245 |
_aAlgunas observaciones sobre la toxicidad del maíz (Zea mays) contaminado con Aspergillus flavus en la nutrición de pollos y gallinas (Gallus domesticus) / _cpor Ramiro López Trujillo |
||
| 260 |
_aChapingo, Méx. : _bEl autor, _c1969 |
||
| 300 | _a46 h. ilus. | ||
| 502 | _aTesis (Ing. Agrónomo Esp. en Zootecnia) -- ENA. Departamento de Zootecnia | ||
| 650 |
_aAflatoxinas _91028 |
||
| 650 |
_aAspergillus flavus _98119 |
||
| 650 |
_aAves de corral _xNutrición _98672 |
||
| 901 | _aTESIS L 75 | ||
| 902 | _aM | ||
| 910 | _a1969 | ||
| 942 | _c2 | ||
| 942 | _c2 | ||
| 999 |
_c163478 _d163478 |
||